1200 thuật ngữ pháp lý Việt Nam

Na minha lista:
Detalhes bibliográficos
Autor principal: NGUYỄN NGỌC ĐIỆP
Formato: Livro
Idioma:Undetermined
Publicado em: Tp. HCM NXBTp HCM 1999
Assuntos:
Tags: Adicionar Tag
Sem tags, seja o primeiro a adicionar uma tag!
Thư viện lưu trữ: Trung tâm Học liệu Trường Đại học Cần Thơ
LEADER 00486nam a2200169Ia 4500
001 CTU_46922
008 210402s9999 xx 000 0 und d
082 |a 340.03 
082 |b Đ307 
100 |a NGUYỄN NGỌC ĐIỆP 
245 0 |a 1200 thuật ngữ pháp lý Việt Nam 
245 0 |c NGUYỄN NGỌC ĐIỆP 
260 |a Tp. HCM 
260 |b NXBTp HCM 
260 |c 1999 
650 |a law - terminology 
980 |a Trung tâm Học liệu Trường Đại học Cần Thơ